000 00563nmm a2200169Ia 4500
008 251105s9999||||xx |||||||||||||||||und||
020 _a9789587387391
041 _aspa
100 _aRodríguez, Gloria Amparo
245 0 _aLos conflictos ambientales en Colombia y su incidencia en los territorios indígenas
264 _a[Bogotá, Colombia] :
_bUniversidad del Rosario,
_c2012
300 _a120 páginas
490 _aTextos de Jurisprudencia
650 _aEnvironmental Sciences
856 _uhttps://public.digitaliapublishing.com/a/46401
942 _cCF
999 _c95851
_d95851